Vplyv svetonázoru na výklad Písma

Bibliographic Details
Main Author: Šimo, Vladimír (Author)
Format: Article
Language:Slovak
ISSN:0139-9217
Subjects:

MARC

LEADER 00000nab a2200000 a 4500
001 vtls009005682
003 SK-MaSNL
005 20260304150903.0
008 250506c2007 xo qr|p|||||||000 b|slo
015 |a SNBRB2007/07 
035 |a (uuid)2eee23f2-88ad-4f64-8380-c402ee19afef 
035 |a urn:nbn:sk:snk-abet2h 
035 |a (urnnbn)urn:nbn:sk:snk:ar-a08veo 
038 |a SNKBUCL 
040 |a SNKBUCL  |b slo  |c SNKBUCL  |e AACR2 
041 0 |a slo 
044 |a xo  |c SK 
080 |a 22  |2 1997 
080 |a 140.8  |2 1997 
100 1 |a Šimo, Vladimír  |4 aut  |9 5279 
245 1 0 |a Vplyv svetonázoru na výklad Písma  |c Vladimír Šimo 
504 |a Bibliogr. odkazy 
630 0 7 |a Biblia  |2 snkbucl  |9 17043 
650 0 7 |a svetonázor  |2 snkbucl  |9 27348 
773 0 |t Cirkevné listy  |g Roč. CXXXI, č. 7-8 (2007), s. 28-30  |x 0139-9217 
850 |a Slovenská národná knižnica 
852 |a Slovenská národná knižnica 
954 |a odborná, vedecká literatúra pôvodná (slovenská)  |2 lita 
958 |a article2022 
958 |a SK 
958 |a NT 
958 |a NB 
958 |a OND 
958 |a EUIPO 
999 |c 2940225  |d 2942155